Clash Royale - Statistiques

Statistiques générales
  • Ce quiz a été pris 531 fois
  • Le résultat moyen est 61 sur 109
Statistiques - réponses
Elixir Carte % Correct
1 squelettes
86%
1 esprit de feu
85%
1 esprit de glace
84%
? miroir
84%
2 gobelins
81%
5 sorcier
81%
5 geant
80%
5 prince
80%
2 buche
79%
2 electrocution
79%
8 golem
79%
4 boule de feu
77%
3 chevalier
76%
7 pekka
76%
5 sorciere
74%
3 archers
73%
7 mega chevalier
73%
5 barbares
72%
1 electro esprit
71%
1 esprit de guerison
71%
4 mini pekka
71%
6 foudre
70%
4 mousquetaire
69%
3 sorcier de glace
69%
5 tour de l'enfer
69%
4 chevaucheur de cochon
68%
3 fleches
68%
4 bebe dragon
67%
9 trois mousquetaires
67%
4 electro sorcier
66%
3 gargouilles
66%
2 gobelins à lances
66%
2 rage
66%
4 tesla
66%
3 armée de squelettes
65%
3 canon
65%
6 geant royal
65%
4 valkyrie
65%
6 roquette
64%
3 fut a gobelins
63%
3 princesse
63%
6 zappy
62%
5 ballon
61%
4 gel
61%
2 golem de glace
61%
4 prince tenebreux
61%
3 mineur
60%
6 barbares d'elite
59%
4 dragon de l'enfer
59%
7 electro geant
59%
6 squelette geant
58%
6 cabane de barbare
56%
5 cabane de gobelin
56%
5 cimetiere
55%
2 fut a barbare
55%
7 molosse de lave
55%
4 poison
55%
5 reine des archers
55%
2 bombardier
54%
4 bucheron
54%
3 gang de gobelins
53%
5 horde de gargouilles
53%
2 chauves souris
51%
2 mega boule de neige
51%
4 sorciere de la nuit
51%
4 tour a bombes
51%
6 arc x
50%
3 gobelin a sarbacane
49%
3 pierre tombale
49%
5 electro dragon
48%
4 fournaise
48%
3 seisme
48%
4 mortier
47%
4 archer magique
46%
5 cavabelier
46%
4 mamie sorciere
46%
3 voleuse
46%
3 artificiere
45%
5 cochons royaux
45%
6 extracteur d'elixir
45%
6 gobelin geant
44%
2 sapeurs
44%
3 clonage
43%
4 roi squelette
43%
3 tornade
43%
3 fut a squelettes
42%
3 gardes
42%
4 chevalier d'or
41%
5 bouliste
40%
3 mega gargouille
40%
5 moine
40%
7 recrues royales
38%
4 cage gobeline
37%
3 pecheur
37%
5 bourreau
36%
3 colis royal
36%
3 fantome royal
35%
4 belier de combat
34%
5 fripons
34%
4 phenix
34%
3 golem elixir
32%
4 machine volante
32%
4 maitre mineur
31%
4 dragons squelettes
30%
4 electrocuteurs
29%
5 charette a canon
26%
4 chasseur
26%
4 guerisseuse armée
26%
4 foreuse gobeline
24%
Aucun quiz correspondant
Distribution des résultats
% des personnes avec chaque résultat
Percentile par nombre de réponses
Votre historique - résultats
Vous n’avez pas pris ce quiz